Miss Universe 1st Runner Ups - Statistics

General Stats
  • This quiz has been taken 819 times
    77 since last reset
  • The average score is 58 of 74
Answer Stats
Year Country % Correct
2025 Thailand
98%
2023 Thailand
98%
2017 Colombia
97%
2015 Colombia
97%
2008 Colombia
97%
1994 Colombia
97%
1993 Colombia
97%
1992 Colombia
97%
2024 Nigeria
97%
2022 Venezuela
97%
2003 Venezuela
97%
2000 Venezuela
97%
1998 Venezuela
97%
1997 Venezuela
97%
1976 Venezuela
97%
1967 Venezuela
97%
2020 Brazil
95%
2007 Brazil
95%
1972 Brazil
95%
1958 Brazil
95%
1957 Brazil
95%
1954 Brazil
95%
2014 USA
95%
2004 USA
95%
1990 USA
95%
1986 USA
95%
1983 USA
95%
1978 USA
95%
1973 USA
95%
1970 USA
95%
1953 USA
95%
2006 Japan
94%
2012 Philippines
94%
1999 Philippines
94%
2018 South Africa
94%
1984 South Africa
94%
2021 Paraguay
92%
2019 Puerto Rico
90%
2005 Puerto Rico
90%
2013 Spain
87%
1985 Spain
87%
2016 Haiti
85%
1975 Haiti
85%
2009 Dominican Republic
84%
1995 India
82%
2002 Panama
82%
2011 Ukraine
82%
2010 Jamaica
81%
2001 Greece
74%
1989 Sweden
73%
1969 Finland
71%
1966 Finland
71%
1965 Finland
71%
1971 Australia
69%
1987 Italy
66%
1960 Italy
66%
1996 Aruba
65%
1981 Canada
58%
1959 Norway
58%
1991 Netherlands
55%
1988 South Korea
55%
1956 Germany
47%
1974 Wales
40%
1961 Wales
40%
1968 Curacao
39%
1963 Denmark
39%
1964 England
39%
1979 Bermuda
37%
1977 Austria
35%
1980 Scotland
35%
1982 Guam
34%
1952 Hawaii
32%
1962 Iceland
27%
1955 El Salvador
26%
No matching quizzes found
Score Distribution
Percent of People with Each Score
Percentile by Number Answered
Your Score History
You have not taken this quiz since the last reset